000 00312nam a22001217a 4500
020 _a9788126542338
082 _a660
_bTUC/FO
245 _aFood Biodeterioration and Preservation
260 _aNew Delhi
_b Wiley India -Blackwell Publishing
_c2013
300 _a250
700 _aTucker,Gray S.
_91175
942 _cBK
999 _c14672
_d14672